000 00524nam a2200217Ia 4500
003 OSt
005 20220928142316.0
006 a|||||r|||| 00| 0
007 ta
008 220927b |||||||| |||| 00| 0 eng d
024 _a19016
037 _cTextual
040 _aSDCL
_cSDCL
_beng
041 _2eng
_aeng
082 _aP15(1), M3
100 _aKamboj Jiya lal
245 0 _aUtkirna - lekha stabakah.
260 _c1983
942 _hP15(1), M3
_cTEXL
_2CC
999 _c821219
_d821219